| 000 | 01766nam a2200241Ia 4500 | ||
|---|---|---|---|
| 008 | 260220t1966||||xx |||||||||||||| ||spa|| | ||
| 040 |
_aPY-SlUNAC _bspa _erda |
||
| 041 | _aspa | ||
| 082 |
_a382.6 _bL128n |
||
| 100 |
_aLa Calle, José Maria _eAutor |
||
| 245 | 0 |
_aEl negocio de la exportación / _cpor José Maria La Calle [Autor] |
|
| 264 |
_aBarcelona : _bEdiciones La poligrafa, _c℗1966. |
||
| 300 | _a1 volumen | ||
| 520 | _aEn "El negocio de la exportación", José María La Calle explora las dinámicas del comercio internacional, centrándose en los procesos y estrategias que las empresas deben adoptar para competir en mercados globales. A través de un análisis exhaustivo, el autor aborda aspectos fundamentales como la identificación de mercados potenciales, la adaptación de productos a las demandas locales y la importancia de la logística en la cadena de suministro. La Calle también enfatiza la necesidad de entender las regulaciones y normativas de los países importadores, así como la relevancia de establecer relaciones sólidas con socios locales. A lo largo del texto, se presentan casos prácticos y ejemplos que ilustran los desafíos y oportunidades que enfrentan los exportadores, brindando al lector herramientas útiles para desarrollar una estrategia efectiva de exportación. En conjunto, la obra es un recurso valioso tanto para estudiantes de comercio exterior como para empresarios que buscan expandir su presencia en el ámbito internacional. | ||
| 653 | _aComercio internacional | ||
| 653 | _aDesarrollo económico | ||
| 653 | _aExportación | ||
| 942 |
_b2026/02/17 _cBK |
||
| 999 |
_c7262 _d7262 |
||